La agonia de la preternaturalidad la confutacion Spinoziana del milagro (Record no. 476)
[ view plain ]
| 000 -LEADER | |
|---|---|
| campo de control de longitud fija | 00549nam a22001457a 4500 |
| 008 - DATOS DE LONGITUD FIJA--INFORMACIÓN GENERAL | |
| campo de control de longitud fija | 150320b xxu||||| |||| 00| 0 eng d |
| 020 ## - NÚMERO INTERNACIONAL ESTÁNDAR DEL LIBRO | |
| Número Internacional Estándar del Libro | 9789977129723 |
| 082 ## - NÚMERO DE LA CLASIFICACIÓN DECIMAL DEWEY | |
| Número de clasificación | 199.492 |
| Número de ítem | M 938a |
| 100 ## - ENTRADA PRINCIPAL--NOMBRE DE PERSONA | |
| Nombre de persona | Moya Bedoya, Juan Diego |
| 9 (RLIN) | 2268 |
| 245 ## - MENCIÓN DEL TÍTULO | |
| Título | La agonia de la preternaturalidad la confutacion Spinoziana del milagro |
| Mención de responsabilidad, etc. | Juan Diego Moya Bedoya |
| 260 ## - PUBLICACIÓN, DISTRIBUCIÓN, ETC. | |
| Lugar de publicación, distribución, etc. | San Jose, C.R. |
| Nombre del editor, distribuidor, etc. | Editorial Arlekin |
| Fecha de publicación, distribución, etc. | 2007 |
| 300 ## - DESCRIPCIÓN FÍSICA | |
| Extensión | 504 p. |
| Dimensiones | 21.5 cm |
| 650 ## - PUNTO DE ACCESO ADICIONAL DE MATERIA--TÉRMINO DE MATERIA | |
| Subdivisión general | Spinoza, Benedictus de, |
| -- | Ontología |
| -- | Milagros |
| -- | Filosofía y religión |
| 9 (RLIN) | 2269 |
| 700 ## - ENTRADA AGREGADA--NOMBRE PERSONAL | |
| Nombre de persona | Juan Diego Moya Bedoya |
| 9 (RLIN) | 2270 |
| Estatus retirado | Estado de pérdida | Fuente del sistema de clasificación o colocación | Estado de daño | No para préstamo | Biblioteca de origen | Biblioteca actual | Ubicación en estantería | Fecha de adquisición | Total de préstamos | Signatura topográfica completa | Código de barras | Visto por última vez | Precio de reemplazo | Tipo de ítem Koha |
|---|---|---|---|---|---|---|---|---|---|---|---|---|---|---|
| Clasificación Decimal Dewey | Biblioteca LadoV | Biblioteca LadoV | 20/03/2015 | 199.492 M 938a | 000353 | 20/03/2015 | 20/03/2015 | Material 01 |
